000 00608nam a2200193 a 4500
001 000042623
005 20201002040300.0
008 140203s19uu sp abc 001 0 spa d
020 _a8474000149
040 _aDO-SdBNP
_bspa
_cBNPHU
100 1 _aFradejas, C.
_969883
245 1 0 _aAtlas :
_bGeografía E Historia. /
_cC. Fradejas, P. Llorente, R. Muñoz.
260 _aMadrid, :
_bEdiciones Salma,
_c[s.f.].
300 _a248 p. :
_bil., mapa, retrs. ;
_c35 cm.
500 _aIncluye índice toponimico
504 _aBibliografía p: 247-248
700 1 _aLlorente, P.
_969884
700 1 _aMuñoz, R.
_969885
999 _c42112
_d42112